| 000 | 00592nam a22002177a 4500 | ||
|---|---|---|---|
| 003 | LC | ||
| 005 | 20160308102820.0 | ||
| 008 | 121115t xxu||||| |||| 00| 0 eng d | ||
| 020 | _a9780752509273 | ||
| 050 |
_aPS 3555 _b.L533 1996 |
||
| 082 |
_aFIC L53f _b1996 |
||
| 100 | _aLeitch, Patricia | ||
| 245 |
_aThe summer riders : _bnight of the red horse _cPatricia Leitch |
||
| 260 |
_aLondon _bParragon _c1996 |
||
| 300 |
_g17.8 cm. _a255 pages. |
||
| 440 | _aPony stories. | ||
| 650 | _aEnglish fiction -- Children's stories | ||
| 942 |
_2lcc _cBK |
||
| 999 |
_c10842 _d10842 |
||